पंडित जवाहरलाल नेहरू: खिलाफत ते काश्मीर (Record no. 441483)

MARC details
000 -LEADER
fixed length control field 00659nam a2200145Ia 4500
008 - FIXED-LENGTH DATA ELEMENTS--GENERAL INFORMATION
fixed length control field 100122s9999 xx 000 0 und d
082 ## - DEWEY DECIMAL CLASSIFICATION NUMBER
Item number 70630
Classification number 923.254
100 ## - MAIN ENTRY--PERSONAL NAME
Personal name सारथी अरुण
245 ## - TITLE STATEMENT
Title पंडित जवाहरलाल नेहरू: खिलाफत ते काश्मीर
260 ## - PUBLICATION, DISTRIBUTION, ETC. (IMPRINT)
Name of publisher, distributor, etc अस्मिता प्रकाशन
Date of publication, distribution, etc 2006
300 ## - PHYSICAL DESCRIPTION
Extent 291
630 ## - SUBJECT ADDED ENTRY--UNIFORM TITLE
Uniform title पंडित जवाहरलाल नेहरू: खिलाफत ते काश्मीर
730 ## - ADDED ENTRY--UNIFORM TITLE
Uniform title पंडित जवाहरलाल नेहरू: खिलाफत ते काश्मीर
942 ## - ADDED ENTRY ELEMENTS (KOHA)
Koha item type Book
Holdings
Withdrawn status Lost status Damaged status Not for loan Home library Current library Date acquired Cost, normal purchase price Total Checkouts Full call number Barcode Date last seen Cost, replacement price Price effective from Koha item type Public note
        S.V. Pathak Library, Vile Parle S.V. Pathak Library, Vile Parle 12/16/2006 240.00   70630 SVPPARLE-70630 01/25/2010 240.00 01/25/2010 Book General NA